| 000 | 00618 a2200157 4500 | ||
|---|---|---|---|
| 003 | Nust | ||
| 005 | 20221231150459.0 | ||
| 040 | _cNust | ||
| 082 | _a629.8,FOR | ||
| 100 |
_aW.Forsythe _9106564 |
||
| 245 |
_aDigital Control : _bFundamental, Theory and Practice / _cW.Forsythe and R.M. Goodall |
||
| 260 |
_aLondon : _bMacmillan Education _c1991 |
||
| 300 | _axii,256p; | ||
| 505 | _aThe z- Domain (Page-1), Controller Design (Page-44), Error Mechanisms, Filter Structure, and the Sampling Interval (Page-88), Requirement for Implementation (Page-112), Specific Issues of Implementation (Page-171). | ||
| 942 |
_2ddc _cBK |
||
| 999 |
_c214744 _d214744 |
||